| 000 | 00483nam a2200169Ia 4500 | ||
|---|---|---|---|
| 999 |
_c14344 _d14344 |
||
| 003 | OSt | ||
| 005 | 20201028121052.0 | ||
| 008 | 190216s9999||||xx |||||||||||||| ||und|| | ||
| 040 | _coclc | ||
| 082 |
_a823 _bMAT/S |
||
| 100 |
_aMathur, Anurag _95759 |
||
| 245 | 0 |
_aScenes From Executive Life / _cAnurag Mathur |
|
| 260 |
_bPenguin Books, _aNew Delhi: _c2000: |
||
| 300 | _a207p | ||
| 650 | _aEnglish-English Novel | ||
| 942 |
_cBK _2ddc _h823 _iMAT/S _k823 _mMAT/S |
||